[Event "HUN-chT2 Toth 1718"]
[Site "Hungary"]
[Date "2017.09.24"]
[Round "1.1"]
[White "Kopasz, Robert"]
[Black "Gyori, Szabolcs"]
[Result "1-0"]
[WhiteElo "2253"]
[BlackElo "2135"]
[PlyCount "71"]
[EventDate "2017.09.24"]
[EventType "team-tourn"]
[EventRounds "11"]
[EventCountry "HUN"]
[SourceTitle "EXT 2021"]
[Source "ChessBase"]
[SourceDate "2020.10.23"]
[SourceVersion "1"]
[SourceVersionDate "2020.10.23"]
[SourceQuality "1"]
[WhiteTeam "Szeged Maroczy II"]
[BlackTeam "Oroshaza"]
[WhiteTeamCountry "HUN"]
[BlackTeamCountry "HUN"]

1. c4 e5 2. Nc3 Nf6 3. g3 Be7 4. Bg2 0-0 5. e3 c6 6. Nf3 e4 7. Nd4 d5 8. cxd5 cxd5 9. d3 exd3 10. Qxd3 Na6 11. 0-0 Nc5 12. Qc2 Be6 13. b4 Ncd7 14. a3 Rc8 15. Qb3 Qc7 16. Ncb5 Qb8 17. Nxe6 fxe6 18. Bh3 Kh8 19. Bxe6 Qe5 20. Bxd7 Nxd7 21. Bb2 Qh5 22. Rad1 Nb6 23. Nxa7 Rcd8 24. Nb5 Bf6 25. Bxf6 Rxf6 26. Rd4 Qe8 27. Nc3 Qe6 28. Ne2 g5 29. h4 h6 30. Qd3 Rdf8 31. Kg2 Nc4 32. hxg5 Ne5 33. Qb3 hxg5 34. Qxd5 Qxd5+ 35. Rxd5 Rf5 36. Nd4 1-0

[Event "HUN-chT2 Toth 1415"]
[Site "Hungary"]
[Date "2015.03.22"]
[Round "10.1"]
[White "Levay, Sorin"]
[Black "Gyori, Szabolcs"]
[Result "1/2-1/2"]
[WhiteElo "2327"]
[BlackElo "2202"]
[PlyCount "81"]
[EventDate "2014.09.07"]
[EventType "team-tourn"]
[EventRounds "11"]
[EventCountry "HUN"]
[SourceTitle "EXT 2016"]
[Source "ChessBase"]
[SourceDate "2015.10.08"]
[SourceVersion "1"]
[SourceVersionDate "2015.10.08"]
[SourceQuality "1"]
[WhiteTeam "Karcag"]
[BlackTeam "Oroshaza"]
[WhiteTeamCountry "HUN"]
[BlackTeamCountry "HUN"]

1. g3 g6 2. Bg2 Bg7 3. Nf3 e5 4. e4 d6 5. 0-0 Nf6 6. Nc3 0-0 7. d4 Nbd7 8. a4 a5 9. h3 exd4 10. Nxd4 c6 11. Nde2 Nc5 12. Bf4 Re8 13. e5 dxe5 14. Qxd8 Rxd8 15. Bxe5 Ne8 16. Bxg7 Nxg7 17. Rad1 Be6 18. Nd4 Bc4 19. Rfe1 Nge6 20. Nxe6 Bxe6 21. Rxd8+ Rxd8 22. Re5 b6 23. Bxc6 Rd2 24. Re2 Rxe2 25. Nxe2 Bxh3 26. Nf4 Bf5 27. Nd5 Bxc2 28. Nxb6 Bb3 29. Kf1 Kf8 30. Ke1 Ke7 31. Bb5 Kd6 32. Nc4+ Bxc4 33. Bxc4 Nxa4 34. b3 Nc5 35. Bxf7 Ke5 36. Ke2 Ke4 37. Bg8 h6 38. Bh7 Nxb3 39. Bxg6+ Ke5 40. f4+ Kf6 41. Bc2 1/2-1/2

[Event "HUN-chT2 Toth 1415"]
[Site "Hungary"]
[Date "2015.02.08"]
[Round "8.1"]
[White "Horvath, Jozsef"]
[Black "Gyori, Szabolcs"]
[Result "1-0"]
[WhiteElo "2114"]
[BlackElo "2202"]
[PlyCount "63"]
[EventDate "2014.09.07"]
[EventType "team-tourn"]
[EventRounds "11"]
[EventCountry "HUN"]
[SourceTitle "EXT 2016"]
[Source "ChessBase"]
[SourceDate "2015.10.08"]
[SourceVersion "1"]
[SourceVersionDate "2015.10.08"]
[SourceQuality "1"]
[WhiteTeam "Takisz"]
[BlackTeam "Oroshaza"]
[WhiteTeamCountry "HUN"]
[BlackTeamCountry "HUN"]

1. c4 Nf6 2. g3 g6 3. Bg2 Bg7 4. Nf3 0-0 5. 0-0 d6 6. Nc3 e5 7. d3 Nc6 8. Rb1 a5 9. a3 Nh5 10. b4 axb4 11. axb4 f5 12. Bd2 Kh8 13. b5 Ne7 14. Qb3 f4 15. Ra1 Bg4 16. Rxa8 Qxa8 17. Ng5 h6 18. Nge4 f3 19. exf3 Bxf3 20. b6 Qc8 21. bxc7 Bxg2 22. Kxg2 Nf5 23. Nd5 Nd4 24. Qd1 Qd7 25. Be3 Ne6 26. Bb6 Kh7 27. f3 Nf6 28. Nexf6+ Bxf6 29. Qb3 Ng5 30. Be3 Qc8 31. Bxg5 Bxg5 32. Qb6 1-0

[Event "HUN-chT2 Toth 1415"]
[Site "Hungary"]
[Date "2015.01.25"]
[Round "7.1"]
[White "Kelly, Ladislau Endre"]
[Black "Gyori, Szabolcs"]
[Result "1/2-1/2"]
[WhiteElo "2234"]
[BlackElo "2202"]
[PlyCount "28"]
[EventDate "2014.09.07"]
[EventType "team-tourn"]
[EventRounds "11"]
[EventCountry "HUN"]
[SourceTitle "EXT 2016"]
[Source "ChessBase"]
[SourceDate "2015.10.08"]
[SourceVersion "1"]
[SourceVersionDate "2015.10.08"]
[SourceQuality "1"]
[WhiteTeam "Gyula"]
[BlackTeam "Oroshaza"]
[WhiteTeamCountry "HUN"]
[BlackTeamCountry "HUN"]

1. g3 e5 2. c4 Nf6 3. Bg2 d5 4. cxd5 Nxd5 5. Nc3 Nb6 6. Nf3 Nc6 7. 0-0 Be7 8. a4 a5 9. d4 exd4 10. Nb5 Bf6 11. Bf4 Nd5 12. Nfxd4 Nxd4 13. Bxd5 Nxb5 14. axb5 0-0 1/2-1/2

[Event "HUN-chT2 Toth 1415"]
[Site "Hungary"]
[Date "2014.12.14"]
[Round "6.1"]
[White "Gyori, Szabolcs"]
[Black "Volosin, Vladimir"]
[Result "1/2-1/2"]
[WhiteElo "2202"]
[BlackElo "2256"]
[PlyCount "20"]
[EventDate "2014.09.07"]
[EventType "team-tourn"]
[EventRounds "11"]
[EventCountry "HUN"]
[SourceTitle "EXT 2016"]
[Source "ChessBase"]
[SourceDate "2015.10.08"]
[SourceVersion "1"]
[SourceVersionDate "2015.10.08"]
[SourceQuality "1"]
[WhiteTeam "Oroshaza"]
[BlackTeam "Szentes"]
[WhiteTeamCountry "HUN"]
[BlackTeamCountry "HUN"]

1. c4 c5 2. Nc3 Nc6 3. g3 g6 4. Bg2 Bg7 5. Nf3 d6 6. 0-0 Rb8 7. Rb1 Bd7 8. a3 a6 9. Ne1 Nf6 10. Nc2 0-0 1/2-1/2

[Event "HUN-chT2 Toth 1415"]
[Site "Hungary"]
[Date "2014.09.07"]
[Round "1.1"]
[White "Samu, Gabor Jr"]
[Black "Gyori, Szabolcs"]
[Result "1/2-1/2"]
[WhiteElo "2013"]
[BlackElo "2202"]
[PlyCount "45"]
[EventDate "2014.09.07"]
[EventType "team-tourn"]
[EventRounds "11"]
[EventCountry "HUN"]
[SourceTitle "EXT 2016"]
[Source "ChessBase"]
[SourceDate "2015.10.08"]
[SourceVersion "1"]
[SourceVersionDate "2015.10.08"]
[SourceQuality "1"]
[WhiteTeam "Bekes"]
[BlackTeam "Oroshaza"]
[WhiteTeamCountry "HUN"]
[BlackTeamCountry "HUN"]

1. d4 d6 2. Nf3 Nd7 3. c4 e5 4. Nc3 Ngf6 5. g3 g6 6. Bg2 Bg7 7. 0-0 0-0 8. e4 exd4 9. Nxd4 Re8 10. Re1 Nc5 11. h3 Bd7 12. Bf4 Qc8 13. Kh2 a6 14. Rc1 Rb8 15. b4 Ne6 16. Nxe6 Bxe6 17. Nd5 Nd7 18. c5 Bxd5 19. exd5 Rxe1 20. Qxe1 Qf8 21. c6 Ne5 22. Bxe5 Bxe5 23. cxb7 1/2-1/2

[Event "HUN-chT2 Toth 1314"]
[Site "Hungary"]
[Date "2014.02.16"]
[Round "7.1"]
[White "Gyori, Szabolcs"]
[Black "Simonyi, Zoltan"]
[Result "1/2-1/2"]
[WhiteElo "2175"]
[BlackElo "2227"]
[PlyCount "69"]
[EventDate "2013.09.08"]
[EventType "team-tourn"]
[EventRounds "11"]
[EventCountry "HUN"]
[SourceTitle "EXT 2016"]
[Source "ChessBase"]
[SourceDate "2015.10.08"]
[SourceVersion "1"]
[SourceVersionDate "2015.10.08"]
[SourceQuality "1"]
[WhiteTeam "Oroshaza"]
[BlackTeam "Ujszasz"]
[WhiteTeamCountry "HUN"]
[BlackTeamCountry "HUN"]

1. g3 e5 2. Bg2 d5 3. c4 c6 4. cxd5 cxd5 5. d3 Nc6 6. Nf3 Nf6 7. 0-0 Be7 8. Bg5 Be6 9. Nfd2 Qd7 10. Nc3 0-0 11. Bxf6 Bxf6 12. e4 Ne7 13. Qa4 Rfd8 14. Qxd7 Rxd7 15. exd5 Nxd5 16. Nxd5 Bxd5 17. Ne4 Be7 18. Rfc1 g6 19. a3 Rad8 20. b4 b6 21. Bf1 Bb7 22. b5 f5 23. Nc3 Bg5 24. Rcb1 Rc8 25. Na2 Bf3 26. Nb4 Rdc7 27. Bg2 Bxg2 28. Kxg2 Rc5 29. Nc6 Rc7 30. a4 Bf6 31. Rc1 Rd5 32. Nb4 Rdc5 33. Nc6 Rd5 34. Nb4 Rdc5 35. Nc6 1/2-1/2

[Event "HUN-chT2 Toth 1314"]
[Site "Hungary"]
[Date "2014.02.02"]
[Round "6.1"]
[White "Samu, Gabor Jr"]
[Black "Gyori, Szabolcs"]
[Result "1/2-1/2"]
[WhiteElo "2264"]
[BlackElo "2175"]
[PlyCount "22"]
[EventDate "2013.09.08"]
[EventType "team-tourn"]
[EventRounds "11"]
[EventCountry "HUN"]
[SourceTitle "EXT 2016"]
[Source "ChessBase"]
[SourceDate "2015.10.08"]
[SourceVersion "1"]
[SourceVersionDate "2015.10.08"]
[SourceQuality "1"]
[WhiteTeam "Bekes"]
[BlackTeam "Oroshaza"]
[WhiteTeamCountry "HUN"]
[BlackTeamCountry "HUN"]

1. d4 Nf6 2. c4 d6 3. Nf3 Bg4 4. Qb3 Qc8 5. Bg5 Nbd7 6. Nbd2 c5 7. d5 Bxf3 8. gxf3 g6 9. Bh3 Bg7 10. f4 Qc7 11. 0-0 h6 1/2-1/2

[Event "HUN-chT2 Toth 1314"]
[Site "Hungary"]
[Date "2013.11.17"]
[Round "5.1"]
[White "Prorok, Marton"]
[Black "Gyori, Szabolcs"]
[Result "1/2-1/2"]
[WhiteElo "2261"]
[BlackElo "2175"]
[PlyCount "71"]
[EventDate "2013.09.08"]
[EventType "team-tourn"]
[EventRounds "11"]
[EventCountry "HUN"]
[SourceTitle "EXT 2016"]
[Source "ChessBase"]
[SourceDate "2015.10.08"]
[SourceVersion "1"]
[SourceVersionDate "2015.10.08"]
[SourceQuality "1"]
[WhiteTeam "Abony"]
[BlackTeam "Oroshaza"]
[WhiteTeamCountry "HUN"]
[BlackTeamCountry "HUN"]

1. e4 d6 2. f4 g6 3. Nc3 Bg7 4. Bc4 Nf6 5. e5 dxe5 6. fxe5 Nfd7 7. e6 fxe6 8. Bxe6 Nc5 9. Bc4 e5 10. Nf3 Bg4 11. d3 Nc6 12. Bg5 Qd7 13. Rf1 Nd4 14. Qd2 Nxf3+ 15. gxf3 Be6 16. Qf2 b6 17. 0-0-0 0-0 18. Be3 Nb7 19. Bxe6+ Qxe6 20. Kb1 Nd6 21. h4 Qh3 22. Ne4 Nxe4 23. dxe4 Rad8 24. Rxd8 Rxd8 25. Qe2 Qe6 26. h5 gxh5 27. Rg1 Kh8 28. Qh2 Qf7 29. Bg5 Rf8 30. Rg3 h6 31. Bc1 Kh7 32. Rh3 Qg6 33. Rg3 Qf7 34. Rh3 Qg6 35. Rg3 Qf7 36. Rh3 1/2-1/2

[Event "HUN-chT2 Toth 1314"]
[Site "Hungary"]
[Date "2013.11.03"]
[Round "4.1"]
[White "Gyori, Szabolcs"]
[Black "Volosin, Vladimir"]
[Result "1/2-1/2"]
[WhiteElo "2175"]
[BlackElo "2261"]
[PlyCount "112"]
[EventDate "2013.09.08"]
[EventType "team-tourn"]
[EventRounds "11"]
[EventCountry "HUN"]
[SourceTitle "EXT 2016"]
[Source "ChessBase"]
[SourceDate "2015.10.08"]
[SourceVersion "1"]
[SourceVersionDate "2015.10.08"]
[SourceQuality "1"]
[WhiteTeam "Oroshaza"]
[BlackTeam "Szentes"]
[WhiteTeamCountry "HUN"]
[BlackTeamCountry "HUN"]

1. Nf3 c5 2. g3 g6 3. Bg2 Bg7 4. 0-0 Nc6 5. c4 Rb8 6. Nc3 a6 7. a4 e5 8. Ne1 Nge7 9. Nc2 0-0 10. d3 d6 11. Ne3 Nb4 12. Ned5 Nbxd5 13. Nxd5 Nxd5 14. cxd5 b5 15. axb5 Rxb5 16. Qc2 Qb6 17. Ra2 Bb7 18. e4 Rc8 19. Bh3 Rd8 20. Bg5 f6 21. Bd2 Bc8 22. Bxc8 Rxc8 23. Bc3 Ra8 24. Qe2 Qb7 25. Qg4 Qf7 26. Rxa6 Rxa6 27. Qc8+ Bf8 28. Qxa6 Qb7 29. Qa4 Rb6 30. Ra1 Kf7 31. Qc4 Be7 32. Ra3 Qc8 33. f3 h5 34. Kg2 h4 35. Ra7 hxg3 36. hxg3 Rb7 37. Ra1 Qd7 38. Qa6 Qb5 39. Qxb5 Rxb5 40. Ra7 Rb8 41. f4 Rc8 42. fxe5 fxe5 43. Bxe5 dxe5 44. d6 Rd8 45. Rxe7+ Kf6 46. Rc7 Rxd6 47. Rxc5 Rxd3 48. Rc6+ Kg5 49. Re6 Re3 50. Rxe5+ Kg4 51. Rb5 Re2+ 52. Kf1 Rxe4 53. Kf2 g5 54. b4 Rc4 55. Ke3 Rc3+ 56. Kd4 Rxg3 1/2-1/2

[Event "HUN-chT2 Maroczy 1213"]
[Site "Hungary"]
[Date "2013.01.27"]
[Round "6"]
[White "Gyori, Szabolcs"]
[Black "Varadi, Viktor"]
[Result "0-1"]
[WhiteElo "2171"]
[BlackElo "2388"]
[PlyCount "58"]
[EventDate "2012.09.16"]
[EventType "team-tourn"]
[EventRounds "11"]
[EventCountry "HUN"]
[SourceTitle "EXT 2014"]
[Source "ChessBase"]
[SourceDate "2013.11.20"]
[SourceVersion "1"]
[SourceVersionDate "2013.11.20"]
[SourceQuality "1"]
[WhiteTeam "Oroshaza"]
[BlackTeam "Debrecen"]
[WhiteTeamCountry "HUN"]
[BlackTeamCountry "HUN"]

1. c4 Nf6 2. g3 c5 3. Bg2 d5 4. cxd5 Nxd5 5. Nc3 Nc7 6. Nf3 Nc6 7. 0-0 e5 8. d3 Be7 9. Be3 Bd7 10. Rc1 Rc8 11. a3 0-0 12. Nd2 b6 13. Nc4 f6 14. f4 exf4 15. Bxf4 Ne6 16. Bd2 Ned4 17. e3 b5 18. exd4 bxc4 19. d5 Ne5 20. dxc4 Nxc4 21. Bf4 Bd6 22. Bxd6 Nxd6 23. Ne4 Nf5 24. Qd2 Qb6 25. Qf2 Nd4 26. b4 cxb4 27. Rxc8 Rxc8 28. Rd1 bxa3 29. Nd6 Rc2 0-1

[Event "HUN-chT2 Maroczy 1112"]
[Site "Hungary"]
[Date "2012.05.20"]
[Round "11"]
[White "Teglas, Balazs"]
[Black "Gyori, Szabolcs"]
[Result "1/2-1/2"]
[WhiteElo "2207"]
[BlackElo "2167"]
[PlyCount "53"]
[EventDate "2011.09.25"]
[EventType "team-tourn"]
[EventRounds "11"]
[EventCountry "HUN"]
[SourceTitle "EXT 2013"]
[Source "ChessBase"]
[SourceDate "2012.11.22"]
[SourceVersion "1"]
[SourceVersionDate "2012.11.22"]
[SourceQuality "1"]
[WhiteTeam "Lila Futo"]
[BlackTeam "Oroshaza"]
[WhiteTeamCountry "HUN"]
[BlackTeamCountry "HUN"]

1. d4 Nf6 2. Bf4 d6 3. e3 g6 4. h3 Bg7 5. Nf3 0-0 6. Be2 c5 7. c3 b6 8. 0-0 Ba6 9. c4 cxd4 10. exd4 d5 11. Ne5 dxc4 12. Nc3 e6 13. Bf3 Nd5 14. Bxd5 exd5 15. Qf3 Bb7 16. Nxc4 Nc6 17. Nd6 Nxd4 18. Qd3 Bc6 19. Bh2 a6 20. Rad1 Qf6 21. Rfe1 Ne6 22. Nxd5 Bxd5 23. Qxd5 Rfd8 24. Be5 Qe7 25. Bxg7 Kxg7 26. Qe5+ Qf6 27. Qxf6+ 1/2-1/2

[Event "HUN-chT2 Maroczy 1112"]
[Site "Hungary"]
[Date "2012.03.11"]
[Round "7"]
[White "Berczes, Csaba"]
[Black "Gyori, Szabolcs"]
[Result "1/2-1/2"]
[WhiteElo "2397"]
[BlackElo "2167"]
[PlyCount "69"]
[EventDate "2011.09.25"]
[EventType "team-tourn"]
[EventRounds "11"]
[EventCountry "HUN"]
[SourceTitle "EXT 2013"]
[Source "ChessBase"]
[SourceDate "2012.11.22"]
[SourceVersion "1"]
[SourceVersionDate "2012.11.22"]
[SourceQuality "1"]
[WhiteTeam "Dunaharaszti"]
[BlackTeam "Oroshaza"]
[WhiteTeamCountry "HUN"]
[BlackTeamCountry "HUN"]

1. Nf3 Nf6 2. g3 g6 3. b3 Bg7 4. Bb2 0-0 5. Bg2 d6 6. d4 c5 7. c4 cxd4 8. Nxd4 d5 9. cxd5 Nxd5 10. 0-0 Nb4 11. Na3 Qa5 12. Rc1 N8c6 13. Nxc6 Nxc6 14. Bxg7 Kxg7 15. Nc4 Qh5 16. Bxc6 bxc6 17. Qd4+ Kg8 18. Ne5 Bh3 19. Nxc6 e5 20. Nxe5 Rad8 21. Qf4 Bxf1 22. Ng4 Qa5 23. Kxf1 Qd2 24. Rc7 Qxf4 25. gxf4 Rd1+ 26. Kg2 Rd2 27. Rxa7 Rxe2 28. Ne3 Rd8 29. Nc4 Rd3 30. Kf1 Rc2 31. Ne3 Rb2 32. Nc4 Rc2 33. Ne3 Rb2 34. Nc4 Rc2 35. Ne3 1/2-1/2

[Event "HUN-chT2 Maroczy 1112"]
[Site "Hungary"]
[Date "2011.09.25"]
[Round "1"]
[White "Gyori, Szabolcs"]
[Black "Virag, Attila Aba"]
[Result "1/2-1/2"]
[WhiteElo "2167"]
[BlackElo "2239"]
[PlyCount "116"]
[EventDate "2011.09.25"]
[EventType "team-tourn"]
[EventRounds "11"]
[EventCountry "HUN"]
[SourceTitle "EXT 2013"]
[Source "ChessBase"]
[SourceDate "2012.11.22"]
[SourceVersion "1"]
[SourceVersionDate "2012.11.22"]
[SourceQuality "1"]
[WhiteTeam "Oroshaza"]
[BlackTeam "Miskolc EMSE"]
[WhiteTeamCountry "HUN"]
[BlackTeamCountry "HUN"]

1. c4 e5 2. g3 f5 3. Bg2 Nf6 4. Nc3 d6 5. d4 exd4 6. Qxd4 Nc6 7. Qd1 Be7 8. Nf3 0-0 9. 0-0 Kh8 10. b3 Ng4 11. Nd5 Nge5 12. Nd4 Bd7 13. Bb2 Re8 14. Nxe7 Qxe7 15. e3 Rad8 16. Qd2 Qf7 17. Rad1 Qh5 18. Nxc6 Bxc6 19. Bxe5 Rxe5 20. Bxc6 bxc6 21. Qd4 Re6 22. Kg2 Rh6 23. h4 Qe8 24. Qf4 Rf6 25. Rd2 Qe7 26. Qf3 c5 27. Rd5 Rdf8 28. Rfd1 Kg8 29. Kg1 a5 30. R5d2 Qe4 31. Qe2 Ra8 32. Qd3 a4 33. Qd5+ Kf8 34. Qxe4 fxe4 35. Rb1 axb3 36. axb3 Rb8 37. Rdb2 Rb4 38. Ra1 Ke7 39. Ra8 Rf8 40. Rxf8 Kxf8 41. Ra2 Rxb3 42. Ra8+ Ke7 43. Ra7 Kd7 44. Ra8 d5 45. cxd5 c4 46. Ra4 Rc3 47. Ra6 Rd3 48. Rc6 Rxd5 49. Rxc4 Re5 50. Kf1 Re7 51. Ke2 Kd6 52. f3 exf3+ 53. Kxf3 c5 54. e4 Rf7+ 55. Ke3 Rf1 56. Ra4 Ke5 57. Rc4 Re1+ 58. Kf2 Rxe4 1/2-1/2

[Event "HUN-chT2 Maroczy 1011"]
[Site "Hungary"]
[Date "2010.10.10"]
[Round "3"]
[White "Gyori, Szabolcs"]
[Black "Egri, Laszlo"]
[Result "1-0"]
[WhiteElo "2182"]
[BlackElo "2160"]
[PlyCount "83"]
[EventDate "2010.09.12"]
[EventType "team-tourn"]
[EventRounds "11"]
[EventCountry "HUN"]
[SourceTitle "EXT 2012"]
[Source "ChessBase"]
[SourceDate "2011.11.24"]
[SourceVersion "1"]
[SourceVersionDate "2011.11.24"]
[SourceQuality "1"]
[WhiteTeam "Oroshaza"]
[BlackTeam "Kisujszallas"]
[WhiteTeamCountry "HUN"]
[BlackTeamCountry "HUN"]

1. Nf3 Nf6 2. g3 c5 3. Bg2 Nc6 4. 0-0 e5 5. d3 d5 6. Nbd2 Be7 7. e4 0-0 8. exd5 Nxd5 9. Re1 f6 10. c3 Nc7 11. Qc2 Be6 12. a4 Qd7 13. Nc4 Rad8 14. Bf1 Bf5 15. Qb3 Kh8 16. Be3 b6 17. Rad1 Be6 18. Bc1 Bd5 19. Be2 Qe6 20. Qc2 Bxc4 21. dxc4 Rxd1 22. Rxd1 Rd8 23. Rxd8+ Bxd8 24. Nh4 e4 25. Qd1 f5 26. Ng2 Be7 27. Bf4 Ne8 28. Qd5 Nd8 29. Ne3 Qxd5 30. cxd5 g6 31. Bb8 Nd6 32. Ba6 N8f7 33. Bxa7 Bd8 34. Bb8 Kg7 35. Nc4 Nxc4 36. Bxc4 Kf6 37. d6 Ne5 38. Bd5 Nf3+ 39. Kg2 Ke5 40. Bg8 Kf6 41. Bc7 Kg7 42. Bxd8 1-0

[Event "HUN-chT2 Maroczy 0910"]
[Site "Hungary"]
[Date "2010.03.21"]
[Round "8"]
[White "Mede, Istvan"]
[Black "Gyori, Szabolcs"]
[Result "0-1"]
[WhiteElo "2267"]
[BlackElo "2197"]
[PlyCount "66"]
[EventDate "2009.11.08"]
[EventType "team-tourn"]
[EventRounds "11"]
[EventCountry "HUN"]
[SourceTitle "EXT 2011"]
[Source "ChessBase"]
[SourceDate "2010.11.26"]
[SourceVersion "1"]
[SourceVersionDate "2010.11.26"]
[SourceQuality "1"]
[WhiteTeam "Fenstherm"]
[BlackTeam "Oroshaza"]
[WhiteTeamCountry "HUN"]
[BlackTeamCountry "HUN"]

1. d4 d6 2. e4 Nf6 3. Nc3 e5 4. Nf3 Nbd7 5. g4 h6 6. g5 hxg5 7. Nxg5 exd4 8. Qxd4 Nh7 9. Rg1 Ne5 10. Be2 Be7 11. h4 Bf6 12. Qe3 Nxg5 13. hxg5 Be7 14. f4 Rh3 15. Qf2 Nd7 16. Be3 c6 17. 0-0-0 Qa5 18. Bd4 b5 19. Bxg7 b4 20. Nb1 Nc5 21. g6 Be6 22. e5 d5 23. f5 Ne4 24. Qf4 Bc5 25. Rd3 Rxd3 26. Bxd3 Bxg1 27. fxe6 0-0-0 28. e7 b3 29. exd8Q+ Kxd8 30. Bf6+ Kc7 31. e6+ Kb7 32. Ba6+ Qxa6 33. Bd8 Be3+ 0-1

[Event "HUN-chT2 Maroczy 0910"]
[Site "Hungary"]
[Date "2009.11.22"]
[Round "2"]
[White "Gyori, Szabolcs"]
[Black "Kovacs, Tamas"]
[Result "1/2-1/2"]
[WhiteElo "2197"]
[BlackElo "2175"]
[PlyCount "70"]
[EventDate "2009.11.08"]
[EventType "team-tourn"]
[EventRounds "11"]
[EventCountry "HUN"]
[SourceTitle "EXT 2011"]
[Source "ChessBase"]
[SourceDate "2010.11.26"]
[SourceVersion "1"]
[SourceVersionDate "2010.11.26"]
[SourceQuality "1"]
[WhiteTeam "Oroshaza"]
[BlackTeam "Miskolc EMSE"]
[WhiteTeamCountry "HUN"]
[BlackTeamCountry "HUN"]

1. d4 Nf6 2. c4 e6 3. g3 Bb4+ 4. Bd2 Qe7 5. Bg2 0-0 6. Nf3 b6 7. Ne5 c6 8. 0-0 Bb7 9. Qa4 Bxd2 10. Nxd2 Rc8 11. Rac1 d6 12. Nd3 c5 13. dxc5 Bxg2 14. Kxg2 bxc5 15. Rfd1 Nc6 16. e3 Rab8 17. Kg1 h5 18. Qc2 Rb6 19. b3 Qb7 20. h4 Ne7 21. Nf4 Nf5 22. Qd3 g6 23. Rc2 Ng4 24. Qe4 Qe7 25. Nf3 Nf6 26. Qd3 Qb7 27. Ng5 Re8 28. Rcd2 Ra6 29. Rb2 Rb6 30. Qc3 Ne4 31. Nxe4 Qxe4 32. Qd3 Qf3 33. Qe2 Qe4 34. Qd3 Qf3 35. Qe2 Qe4 1/2-1/2

[Event "HUN-chT2 Maroczy 0809"]
[Site "Hungary"]
[Date "2009.02.22"]
[Round "8"]
[White "Gyori, Szabolcs"]
[Black "Biro, David"]
[Result "1-0"]
[WhiteElo "2186"]
[BlackElo "2192"]
[PlyCount "59"]
[EventDate "2008.10.26"]
[EventType "team-tourn"]
[EventRounds "11"]
[EventCountry "HUN"]
[SourceTitle "EXT 2010"]
[Source "ChessBase"]
[SourceDate "2010.11.25"]
[SourceVersion "1"]
[SourceVersionDate "2010.11.25"]
[SourceQuality "1"]
[WhiteTeam "Oroshaza"]
[BlackTeam "Husi"]
[WhiteTeamCountry "HUN"]
[BlackTeamCountry "HUN"]

1. d4 Nf6 2. c4 c5 3. Nf3 cxd4 4. Nxd4 g6 5. g3 Bg7 6. Bg2 0-0 7. 0-0 a6 8. Nc3 d6 9. b3 Qa5 10. Qd2 Rd8 11. Rd1 Nbd7 12. Nd5 Qxd2 13. Nxf6+ Bxf6 14. Rxd2 e5 15. Nc2 e4 16. Rb1 Nc5 17. Ba3 Bc3 18. Rdd1 Bg4 19. Kf1 f5 20. Ne3 Bh5 21. Nd5 Be5 22. Nb6 Rab8 23. Bxc5 dxc5 24. Nd7 Bd4 25. Nxb8 Rxb8 26. b4 f4 27. Bxe4 fxg3 28. hxg3 Rf8 29. f3 Bg4 30. Kg2 1-0